Sasvara vedamantrha (Record no. 86800)

MARC details
000 -LEADER
fixed length control field 00543nam a2200205Ia 4500
003 - CONTROL NUMBER IDENTIFIER
control field OSt
005 - DATE AND TIME OF LATEST TRANSACTION
control field 20260416114430.0
008 - FIXED-LENGTH DATA ELEMENTS--GENERAL INFORMATION
fixed length control field 210210b1981 xxu||||| |||| 00| 0 eng d
040 ## - CATALOGING SOURCE
Transcribing agency AL
041 ## - LANGUAGE CODE
Language code of text/sound track or separate title Sanskrit
082 ## - DEWEY DECIMAL CLASSIFICATION NUMBER
Classification number S891.1 SASV
100 ## - MAIN ENTRY--PERSONAL NAME
Personal name -
9 (RLIN) 261823
245 ## - TITLE STATEMENT
Title Sasvara vedamantrha
Remainder of title सस्वरवेदमन्त्राः
260 ## - PUBLICATION, DISTRIBUTION, ETC.
Place of publication, distribution, etc. Bengaluru
Name of publisher, distributor, etc. Shri Ramakrashnashrama
Date of publication, distribution, etc. 1981
300 ## - PHYSICAL DESCRIPTION
Extent 480
650 ## - SUBJECT ADDED ENTRY--TOPICAL TERM
Topical term or geographic name entry element Sasvara vedamantrha
9 (RLIN) 261824
690 ## - LOCAL SUBJECT ADDED ENTRY--TOPICAL TERM (OCLC, RLIN)
Topical term or geographic name as entry element Sanskrit Poetry
9 (RLIN) 261825
906 ## - LOCAL DATA ELEMENT F, LDF (RLIN)
a 035989
942 ## - ADDED ENTRY ELEMENTS (KOHA)
Source of classification or shelving scheme Dewey Decimal Classification
Koha item type Book Bank
Holdings
Withdrawn status Lost status Source of classification or shelving scheme Damaged status Not for loan Collection code Home library Current library Shelving location Date acquired Cost, normal purchase price Total Checkouts Full call number Barcode Date last seen Price effective from Koha item type
    Dewey Decimal Classification     Sanskrit St Aloysius Library St Aloysius Library   02/17/2021 30.00   S891.1 SASV 035989 02/17/2021 02/17/2021 Book